| 000 | 00533aas a22001694i 4500 | ||
|---|---|---|---|
| 999 |
_c62590 _d62590 |
||
| 001 | 768714001 | ||
| 003 | CO-MdFUSB | ||
| 005 | 20180413161534.0 | ||
| 008 | 170505s1988 sp ||||| |||| 00| 0 spa d | ||
| 040 |
_aCO-MdFUSB _bspa _cCO-MdFUSB _dCO-MdFUSB |
||
| 041 | _aspa | ||
| 245 | 0 | 0 | _aEntrevista con Stuart Park, Presidente de los GBU |
| 300 |
_aVolumen 2, (1988) páginas 33 - 34 _c: 21 cm. |
||
| 650 | 1 | 4 | _aMINISTERIO-UNIVERSITARIOS-GBU |
| 773 | 0 |
_tAndamio _049451 _960424 _gVolumen 2, (1988) páginas 33 - 34 _qPágina 33 |
|
| 942 | _cANA | ||